| 000 | 00348 a2200157 4500 | ||
|---|---|---|---|
| 001 | 171412 | ||
| 020 | _a | ||
| 040 | _cMagnum | ||
| 100 | _aGóes, Lúcia Pimentel | ||
| 240 | 1 | 0 |
_aO prisioneiro de djebel amur _lpor |
| 245 | 1 | 0 | _aO prisioneiro de djebel amur |
| 362 | 0 | _a1899 | |
| 440 | 1 | _aMelhoramentos | |
| 697 | _aJ/AVENTURA | ||
| 942 | _cBK | ||
| 999 |
_c171412 _d171412 |
||